000 00445nam a2200181Ia 4500
001 16317
005 20260306170300.0
008 260306t2002||||xx |||||||||||||| ||und||
041 _aESP
082 _a348.2
_bH71 V. 3
100 _aHolguín Nuñez del Prado, Oscar
_eAUT
245 0 _aTratado sobre competencia desleal
260 _c2002
300 _a354 páginas :
_ccm.
650 _aGEN
654 _aCDE
942 _cLIB
_dJUS
_fJUS
_2ddc
_n
999 _c16317
_d16317